| 000 | 00376nam a22001457a 4500 | ||
|---|---|---|---|
| 999 |
_c5060 _d5060 |
||
| 008 | 201009b ||||| |||| 00| 0 eng d | ||
| 082 | 0 | 0 |
_223rd ed. _a823 _bA933 |
| 100 |
_93982 _aAusten, Jane |
||
| 245 | 1 | 0 |
_aMansfield park / _cby Jane Austen |
| 250 | _a1st ed. | ||
| 260 |
_aLondon : _bThe zodiac press, _c1949. |
||
| 300 | _a355 p. | ||
| 650 | 0 | _aEnglish fiction | |
| 942 | _cBK | ||